[Event "Silver Lake Open-A 2018"]
[Site "Veliko Gradiste"]
[Date "2018.06.23"]
[Round "8"]
[White "Marcetic, Nikola"]
[Black "Djordjevic, Vuk"]
[Result "0-1"]
[WhiteElo "2342"]
[BlackElo "2399"]
[Annotator "TA"]
[PlyCount "112"]
[EventDate "2018.06.21"]
[EventType "swiss"]
[EventCountry "SRB"]
[SourceTitle "playchess.com"]
[Source "ChessBase"]
[SourceQuality "1"]

{[%evp 16,112,0,-5,0,-25,0,0,0,0,0,0,13,6,13,10,10,5,6,0,-5,0,4,14,5,-23,0,-36,35,33,42,37,41,17,73,29,38,33,10,0,0,0,109,10,14,0,0,-63,-61,-62,0,-65,-58,-56,-41,-50,-37,-64,-63,-127,-41,-285,-283,-500,-494,-450,-305,-307,-300,-299,-269,-381,-378,-380,-376,-368,-329,-6331,-372,-379,-367,-358,-367,-372,-364,-362,-370,-507,-511,-502,-499,-500,-471,-458,-443,-518,-485,-691,-609]} 1. d4 e6 2. Nf3 Nf6 3. Bf4 d5 4. e3 Bd6 5. Bg3 O-O 6. Nbd2 c5 {D02: 1 d4 d5 2 Nf3 sidelines, including 2...Nf6 3 g3 and 2...Nf6 3 Bf4} 7. c3 b6 (7... Qc7 8. Bd3 Nbd7 9. O-O b6 10. e4 Bxg3 11. hxg3 dxe4 12. Nxe4 Bb7 13. Qe2 Rfd8 14. Rad1 cxd4 15. Nxd4 a6 16. Rfe1 h6 {½-½ (37) So,W (2815)-Carlsen,M (2832) chess.com INT 2017}) 8. Ne5 Bb7 9. Bd3 {LiveBook: 19 Games} Qc7 10. Qb1 h6 (10... g6 {with more complications.} 11. f4 Nh5 12. Bh4 f6 13. Ng4 Qg7) 11. f4 Ba6 $146 ({Predecessor:} 11... Nc6 12. O-O a5 13. Qd1 Ba6 14. Bxa6 Rxa6 {1-0 (29) Aguilera,F-Campo Millan,D Aragon 1998}) 12. Bxa6 Nxa6 13. Bh4 Qb7 (13... Be7 {feels hotter.} 14. O-O Nb8 15. Qc2 Nbd7 16. Rf3 Rac8) 14. O-O Ne4 15. Nxe4 dxe4 16. Nc4 Bc7 17. b4 cxb4 18. cxb4 Rac8 {With the idea ...Bxf4!} 19. b5 $36 {[%mdl 2048] White is pushing.} Nb8 20. Rc1 Qd5 21. Qb3 Qh5 (21... g5 $15 22. fxg5 hxg5) 22. Be7 $14 Rfe8 23. Bd6 Qd5 24. Ba3 f6 (24... Nd7 $11 {remains equal.}) 25. Rc3 Nd7 26. Rac1 {And now Nd6 would win.} Bb8 27. Nd2 Rxc3 28. Rxc3 Qf5 (28... Qxb3 $11 29. axb3 (29. Rxb3 f5 $11) 29... f5) 29. Qc2 (29. h3 $16) 29... Qxb5 $11 30. Nxe4 f5 31. Rb3 (31. Nd6 $11 Bxd6 32. Bxd6) 31... Qd5 $15 32. Nc3 Qc6 (32... Qc4 $15) 33. Qd3 ({Better is} 33. d5 $1 $11 Qc4 34. dxe6 Rxe6 35. Qxf5) 33... Nf6 $1 34. Rb1 Bd6 35. Bxd6 Qxd6 36. Nb5 Qd7 37. Qa3 {[#]} (37. h3 $15) 37... Nd5 (37... Rc8 $1 $17 {Strongly threatening ...Rc2.} 38. h3 (38. Qxa7 $2 Qd5 $19) 38... Nd5 39. Qxa7 Qxa7 40. Nxa7 Rc2) 38. Kf2 $2 (38. Qxa7 $15 Qxa7 39. Nxa7) 38... Rc8 $19 {White must now prevent ...Rc2+.} 39. Rb2 $2 (39. Qb2) 39... Nf6 40. h3 Ne4+ 41. Kg1 Qd8 42. Rb1 {[#]} Qh4 $1 {( -> ...Rc2)} 43. Rc1 (43. Qb2 {was the only defense.} a6 44. Na3) 43... Qf2+ 44. Kh2 Rxc1 45. Qxc1 Nd2 46. d5 $2 (46. Nxa7 Nf1+ 47. Kh1) 46... Nf1+ $2 (46... Nf3+ 47. Kh1 Ne1 48. Qxe1 Qxe1+ 49. Kh2 Qxe3 50. Nxa7 exd5) 47. Kh1 Nxe3 {[%csl Ge3][%cal Rf2g2]} 48. Qg1 Qxg1+ ({But not} 48... Qxf4 49. dxe6 Qe5 50. e7 $19) 49. Kxg1 Nxd5 50. Nxa7 Nxf4 {[%mdl 4096] Endgame KN-KN} 51. a4 Ne2+ {Black is clearly winning.} 52. Kf2 Nc3 53. Ke3 Nxa4 54. Kd4 Kf7 55. Nc8 Kf6 56. g3 (56. Kc4 $142) 56... e5+ {Precision: White = 36%, Black = 57%.} 0-1

[Event "Silver Lake Open-A 2018"]
[Site "Veliko Gradiste"]
[Date "2018.06.23"]
[Round "8"]
[White "Krstulovic, Alex"]
[Black "Blagojevic, Dragisa"]
[Result "1/2-1/2"]
[WhiteElo "2305"]
[BlackElo "2486"]
[Annotator "TA"]
[PlyCount "62"]
[EventDate "2018.06.21"]
[EventType "swiss"]
[EventCountry "SRB"]
[SourceTitle "playchess.com"]
[Source "ChessBase"]
[SourceQuality "1"]

{[%evp 31,62,-6,-6,-6,-2,-19,0,-9,0,0,0,0,0,0,0,0,-7,-26,-4,-4,-4,-4,-4,-4,-4,-4,-4,-4,-4,-4,-4,0,-6]} 1. d4 Nf6 2. c4 e6 3. Nf3 d5 4. Nc3 c6 5. Bg5 Nbd7 6. cxd5 exd5 7. e3 Be7 8. Qc2 Nh5 9. Bxe7 Qxe7 10. O-O-O Nb6 11. h3 Nf6 12. Bd3 Be6 13. Kb1 {D36: Damengambit (Abtauschvariante)} O-O-O 14. Rc1 (14. Nd2 Kb8 15. Rc1 g6 16. Nb3 Nfd7 17. h4 f5 18. Ne2 Nc4 {½-½ (36) Andreikin,D (2705)-Lupulescu,C (2620) Antalya 2017}) 14... Kb8 15. Na4 Nxa4 16. Qxa4 Ne4 {LiveBook: 4 Partien} 17. Qc2 Nd6 $146 ({Vorgänger:} 17... Rc8 18. Qe2 Rc7 19. Rc2 Bf5 20. Rhc1 Re8 {½-½ (57) Ranaldi,L (2292)-Georgescu,T (2460) Novi Sad 2016}) 18. Qc5 f6 19. Rc3 Bf5 (19... Qd7 {keeps more tension.} 20. Ra3 b6 21. Qc2 Bf5 22. Rc1 Bxd3 23. Qxd3 Rc8) 20. Bxf5 Nxf5 21. Qxe7 Nxe7 22. b4 Nf5 23. Rhc1 Nd6 24. Nd2 h5 25. h4 {Die Stellung ist ausgeglichen.} g5 26. Rh1 $1 Nf5 27. hxg5 fxg5 {[%cal Bf6g5,Bg5g4,Bg4g3][%mdl 32]} 28. Nf3 g4 29. Ne5 g3 30. f3 {Und Sf7 würde nun gewinnen.} Rh7 31. Kc2 h4 {Precision: Weiß = 68%, Schwarz = 66%.} 1/2-1/2

[Event "Silver Lake Open-A 2018"]
[Site "Veliko Gradiste"]
[Date "2018.06.23"]
[Round "8"]
[White "Karthik, Kumar Pradeep"]
[Black "Filev, Georgi"]
[Result "1/2-1/2"]
[WhiteElo "2281"]
[BlackElo "2390"]
[Annotator "TA"]
[PlyCount "73"]
[EventDate "2018.06.21"]
[EventType "swiss"]
[EventCountry "SRB"]
[SourceTitle "playchess.com"]
[Source "ChessBase"]
[SourceQuality "1"]

{[%evp 27,73,12,46,4,20,20,26,14,28,0,0,0,0,0,0,0,0,0,0,0,0,-25,14,14,14,14,31,31,0,20,51,-15,152,0,0,0,0,0,0,-6,-21,-9,0,0,0,-24,0,0]} 1. Nf3 Nf6 2. g3 g6 3. c4 Bg7 4. d4 O-O 5. Bg2 d6 6. Nc3 Nbd7 7. O-O e5 8. e4 c6 9. h3 Qb6 10. d5 Nc5 11. Qe2 cxd5 12. cxd5 Bd7 13. Be3 a5 {E69: King's Indian: Fianchetto: 6...Nbd7 7 0-0 e5 8 e4 c6 9 h3} (13... Rfc8 14. Rfc1 Qa6 15. Qxa6 bxa6 16. Nd2 Nd3 17. Rc2 Nb4 18. Rcc1 Nd3 19. Rc2 Nb4 {½-½ (19) Grischuk,A (2736)-Jobava,B (2696) Khanty-Mansiysk 2009}) 14. Rfc1 Rfc8 {LiveBook: 25 Games} 15. Bf1 a4 16. Nd2 Qd8 $146 (16... Qxb2 $2 17. Rab1 $18) ({Predecessor:} 16... Ne8 17. Rab1 Qd8 18. b4 axb3 19. axb3 f5 20. b4 Na6 21. Nc4 f4 22. Bd2 g5 23. g4 {½-½ (55) Piankov,E (2310)-Borocz,I (2325) Budapest 1993}) 17. Rab1 Rab8 18. Nc4 Ne8 (18... Ncxe4 19. Nxe4 Nxe4 20. Bb6 $18) 19. Na3 f5 20. f3 Nf6 {[%cal Rf5e4,Be8f6,Bf6h5,Bh5f4][%mdl 32]} 21. Qg2 f4 22. gxf4 Nh5 23. fxe5 Bxe5 24. Nc4 Nf4 25. Qd2 $1 Qg5+ 26. Kh1 {[#] Hoping for Ne2.} Qh5 27. Nxe5 dxe5 28. Bxf4 exf4 29. Qg2 ({White should try} 29. Qxf4 $14 Rf8 30. Qg3) 29... Re8 $2 {[#]} (29... Nd3 $1 $11 30. Rc2 (30. Bxd3 Bxh3 31. Qd2 Qxf3+ 32. Kg1 Qg3+ 33. Kh1 f3 $17) 30... a3) 30. Nd1 $2 ({White has to play} 30. d6 $1 $16 Qe5 31. Nd5) 30... Nd3 $1 $11 {[%cal Rd3e1] Strongly threatening ...Ne1.} 31. Rc3 $1 {[%cal Rc3d3]} ({Wrong is} 31. Bxd3 $2 Bxh3 32. Qf2 Bf1+ 33. Kg1 Bxd3 $19) 31... Ne1 32. Qf2 {And now Kh2 would win.} Bxh3 {( -> ...Bg2+)} 33. Bxh3 Qxh3+ 34. Qh2 $1 $132 {[%cal Rh2h3][%mdl 2048] White is not keeping still} (34. Kg1 {gets mated.} Re5 35. Ne3 fxe3 36. f4 Rh5 37. Rc8+ Rxc8 38. Qh2 Qxh2+ 39. Kf1 Qf2#) 34... Qf1+ 35. Qg1 Qh3+ 36. Qh2 Qf1+ 37. Qg1 {Precision: White = 53%, Black = 53%.} 1/2-1/2

[Event "Silver Lake Open-A 2018"]
[Site "Veliko Gradiste"]
[Date "2018.06.23"]
[Round "8"]
[White "Sevgi, Volkan"]
[Black "Marjanovic, Annamaria"]
[Result "0-1"]
[WhiteElo "2266"]
[BlackElo "2343"]
[Annotator "TA"]
[PlyCount "64"]
[EventDate "2018.06.21"]
[EventType "swiss"]
[EventCountry "SRB"]
[SourceTitle "playchess.com"]
[Source "ChessBase"]
[SourceQuality "1"]

{[%evp 22,64,35,0,24,8,10,6,8,11,10,0,0,0,0,0,38,24,20,-29,-37,-30,-26,-23,-19,-77,-35,-115,-118,-290,-284,-325,-175,-215,-129,-130,-131,-128,-110,-251,-238,-568,-571,-1138,-1132]} 1. e4 e5 2. Nf3 Nc6 3. Bc4 Nf6 4. d3 Be7 5. O-O O-O 6. Re1 d6 7. a4 Kh8 8. a5 {C55: Two Knights: 4 d3, 4 d4 exd4 5 e5 and Max Lange Attack} (8. h3 Ng8 9. Nc3 f5 10. Nd5 Nf6 11. Ng5 Nxd5 12. Nxh7 Nf6 13. Nxf6 g6 14. Nd5 f4 15. c3 Kg7 {½-½ (34) Kryvoruchko,Y (2703)-Maghsoodloo,P (2615) Sharjah 2018}) 8... a6 9. c3 Ng8 10. Qb3 f5 11. exf5 Rxf5 12. Be3 {LiveBook: 3 Games} Rf8 13. Nbd2 Nf6 $1 {Strongly threatening ...d5.} 14. Be6 Bxe6 $146 ({Predecessor:} 14... d5 15. Bxc8 Qxc8 16. Bg5 {½-½ (26) Vajda,L (2563)-Mazur,S (2400) Slovakia 2015}) 15. Qxe6 Qc8 16. Qb3 Rb8 17. Ra4 Qf5 18. Ne4 Ng4 19. Ng3 Qg6 20. Qd5 Nf6 21. Qe6 Qxd3 22. Ng5 $1 Qg6 23. Nf5 (23. Rh4 $1 $11 {remains equal.} h6 24. Nf5) 23... Rbe8 {Threatens to win with ...Bd8.} (23... Nd5 24. Rh4 $11) 24. Nh4 (24. Rh4 $15 h6 25. Nxh6 gxh6 26. Rxh6+ $1 {[%mdl 512]} Qxh6 27. Nf7+ Rxf7 28. Bxh6) 24... Qc2 $17 25. Re4 $2 (25. Ra2 $17 {was necessary.}) 25... Bd8 $19 (25... Qxb2 26. Ng6+ $1 {[%mdl 512]} hxg6 27. Rh4+ Nh5 28. Qxg6 $11) (25... Nxa5 26. Rc1 $11) (25... Nxe4 26. Ng6+ $1 {[%mdl 512]} hxg6 27. Qh3+ Kg8 28. Qh7#) 26. Qh3 {[#] aiming for Ng6+.} Kg8 $40 {[%mdl 128] Black has strong attack.} ({Worse is} 26... Nxe4 27. Ng6+ Kg8 28. Qxh7#) (26... h6 $142 $1 27. Ng6+ Kg8) 27. Nf5 Ne7 ({But not} 27... Qxb2 28. Rh4 $15) ({Don't take} 27... Nxa5 28. Bc1 $17) 28. Nxe7+ Rxe7 29. Rh4 Qg6 30. Qc8 (30. Ne6 $17 Rfe8 31. Nxd8 Rxd8 32. Qg3) 30... c6 31. Ne6 $2 (31. Qh3 {was the crucial defense.}) 31... Qf5 32. Rxh7 Nxh7 {Precision: White = 28%, Black = 58%.} 0-1

[Event "Silver Lake Open-A 2018"]
[Site "Veliko Gradiste"]
[Date "2018.06.24"]
[Round "9"]
[White "Hirneise, Tobias"]
[Black "Damljanovic, Branko"]
[Result "1/2-1/2"]
[WhiteElo "2461"]
[BlackElo "2499"]
[Annotator "TA"]
[PlyCount "135"]
[EventDate "2018.06.17"]
[EventType "swiss"]
[EventCountry "SRB"]
[SourceTitle "playchess.com"]
[Source "ChessBase"]
[SourceQuality "1"]

{[%evp 26,135,35,34,41,0,0,0,0,5,21,0,0,0,24,0,0,0,0,0,0,0,0,0,0,0,0,0,0,0,24,24,24,17,24,24,24,24,24,4,6,4,10,0,0,0,5,0,8,0,0,0,0,0,0,0,0,0,5,0,0,0,0,0,0,0,41,36,244,256,237,244,206,204,240,236,351,304,172,8,8,0,0,0,0,0,0,0,0,0,0,0,8,8,8,8,8,8,8,8,8,8,8,8,8,8,8,8,8,8,8,8]} 1. e4 c5 2. Nf3 d6 3. d4 cxd4 4. Nxd4 Nf6 5. Nc3 Nc6 6. Bg5 e6 7. Qd2 a6 8. O-O-O Bd7 {[%cal Bc8d7,Bd7c6,Bc6d5][%mdl 32]} 9. f3 Be7 10. h4 h6 {B67: Sizilianisch (Richter/Rauser-Angriff)} 11. Be3 h5 12. Nxc6 (12. Kb1 Qc7 13. Bg5 Ne5 14. Bd3 b5 15. Rhe1 b4 16. Nce2 a5 17. f4 Neg4 18. Ng1 {½-½ (91) Short,N (2678)-Li,C (2732) Riadh 2017}) 12... Bxc6 13. Bg5 Qc7 14. Kb1 {LiveBook: 4 Partien} Rd8 15. Bd3 d5 16. exd5 Nxd5 17. Nxd5 Bxd5 18. Bxe7 $146 (18. Rhf1 {looks sharper.} b5 19. Qe1 Qc5 20. a3 Rd7 21. Qe2) ({Vorgänger:} 18. Qe2 b5 19. Rhe1 {1-0 (52) Pascual Perez,N (2116)-Soreghy,J (2071) LSS email 2008}) 18... Qxe7 19. Qe3 O-O 20. g3 Qc7 21. Rhg1 Bc4 22. Bxc4 Qxc4 23. Qe5 Rc8 24. Rd2 Rc5 25. Qd4 Qxd4 26. Rxd4 $11 {[%mdl 4096] Endspiel KTT-KTT} Rfc8 27. c3 e5 28. Rd7 R8c7 29. Rgd1 f6 30. Kc2 Kh7 31. R1d6 Kg6 32. Kd3 Kf5 33. Ke3 R5c6 34. a4 g5 35. hxg5 Kxg5 36. a5 Kf5 37. Rd8 Rxd6 38. Rxd6 {KT-KT} Rg7 39. Kf2 Rc7 40. Ke3 Rg7 41. Kf2 Re7 42. c4 Rc7 43. b3 Rc5 44. Rd5 Rc6 45. Ke3 b6 46. Kd3 h4 $2 (46... bxa5 $14 47. Rxa5 Rd6+ 48. Kc3 Rd1) 47. gxh4 $18 Kf4 48. h5 bxa5 {[#]} 49. c5 $1 ({Nicht} 49. Rxa5 f5 $14) 49... f5 50. Kc4 Rh6 (50... e4 $142) 51. Rd6 Rxh5 {[#]} 52. c6 $2 (52. Rxa6 Kxf3 53. c6 Rh8 $16) (52. Kd5 $1 $18) 52... Rh1 $11 {Die Stellung ist ausgeglichen.} 53. Rd3 e4 $1 {[%cal Re4d3]} 54. fxe4 fxe4 55. Rc3 {Schwarz muss nun c7 beachten.} e3 {( -> ...e2)} 56. c7 Rh8 57. Kd3 Rc8 58. Rc5 e2 59. Kxe2 Ke4 60. Kd2 {zielt auf Kc3 ab.} Kd4 61. Rxa5 Rxc7 62. Rxa6 Rh7 63. Rc6 Rh2+ 64. Kc1 Kd5 65. Rc8 Rg2 66. Kb1 Rh2 67. Rc2 Rxc2 68. Kxc2 {Precision: Weiß = 60%, Schwarz = 66%.} 1/2-1/2

[Event "Silver Lake Open-A 2018"]
[Site "Veliko Gradiste"]
[Date "2018.06.24"]
[Round "9"]
[White "Milanovic, Danilo"]
[Black "Savic, Miodrag R"]
[Result "1-0"]
[WhiteElo "2461"]
[BlackElo "2545"]
[Annotator "TA"]
[PlyCount "73"]
[EventDate "2018.06.17"]
[EventType "swiss"]
[EventCountry "SRB"]
[SourceTitle "playchess.com"]
[Source "ChessBase"]
[SourceQuality "1"]

{[%evp 14,73,33,35,24,41,46,24,20,0,52,58,57,65,75,62,89,77,143,141,140,142,179,191,218,203,277,280,265,175,296,284,850,843,850,841,808,796,869,868,774,545,540,524,761,761,743,745,917,867,2132,895,885,767,931,889,856,883,1630,1531,5481,5473]} 1. d4 Nf6 2. c4 e6 3. Nc3 Nc6 4. a3 d5 5. e3 g6 6. Nf3 Bg7 7. Be2 O-O 8. O-O dxc4 {D07: Damengambit (Tschigorin-Verteidigung)} 9. Bxc4 Ne8 $146 ({Vorgänger:} 9... a6 10. Qe2 b5 11. Ba2 Bb7 12. Rd1 Qe7 13. e4 {1-0 (41) Konaplev,A (2276)-Smirnov,A (2408) Tula 2018}) 10. Bb5 Bd7 {Weiß hat minimalen Vorteil.} 11. e4 {[%cal Be3e4,Be4e5][%mdl 32]} a6 (11... Nxd4 $11 12. Nxd4 Bxb5 13. Ndxb5 a6) 12. Bc4 $14 Nd6 13. Ba2 h6 14. Be3 Kh7 15. Qc2 f5 (15... f6 $142) 16. e5 $16 Nf7 17. Rad1 Qe8 {[#]} 18. Rfe1 $1 Rd8 19. d5 Ncxe5 20. Nxe5 Nxe5 21. Bc5 Rh8 (21... exd5 $142 22. Bxd5 (22. Bxf8 Qxf8 23. Nxd5 c5 $16) 22... c6) 22. Bd4 $18 Ng4 $2 (22... exd5 23. Qd2 (23. Bxd5 Qe7 $16) (23. Nxd5 Ba4 $16) 23... c6) 23. Bxg7 {Weiß steht klar auf Gewinn.} Kxg7 24. dxe6 Bc6 25. Nd5 g5 26. Qxf5 Bxd5 27. Bxd5 {Schwarz muss nun e7 beachten.} Nf6 28. Bxb7 Rxd1 29. Rxd1 Qg6 30. Qe5 Qc2 31. Bf3 Rb8 {[#]} 32. b4 (32. h4 $142 $1 gxh4 33. Rd7+ Kg6 34. Rf7 Qc1+ 35. Kh2) 32... Rb5 33. Qe3 Qf5 34. Re1 g4 35. Bc6 Rb6 36. Qc3 Kg6 37. e7 {Precision: Weiß = 81%, Schwarz = 26%.} 1-0

[Event "Silver Lake Open-A 2018"]
[Site "Veliko Gradiste"]
[Date "2018.06.24"]
[Round "9"]
[White "Radovanovic, Nikola"]
[Black "Velickovic, Sasa"]
[Result "1/2-1/2"]
[WhiteElo "2438"]
[BlackElo "2275"]
[Annotator "TA"]
[PlyCount "51"]
[EventDate "2018.06.17"]
[EventType "swiss"]
[EventCountry "SRB"]
[SourceTitle "playchess.com"]
[Source "ChessBase"]
[SourceQuality "1"]

{[%evp 23,51,56,52,52,58,59,35,14,22,22,31,16,35,16,24,-23,-83,-40,-91,-56,-78,-71,-52,-85,-55,-78,-39,-192,-229,-329]} 1. e4 c5 2. Nf3 d6 3. d4 Nf6 4. Nc3 cxd4 5. Nxd4 Nc6 6. Bg5 e6 7. Qd2 a6 8. O-O-O Bd7 9. f4 Be7 10. Nf3 b5 11. Bxf6 gxf6 12. Kb1 Qa5 {LiveBook: 8 Partien. B69: Sizilianisch (Richter/Rauser-Angriff)} (12... b4 13. Ne2 h5 14. f5 e5 15. Rg1 Qb6 16. g4 Qf2 17. Qd3 hxg4 18. Rxg4 Nd8 19. Rg2 Qc5 20. Ng3 {1-0 (29) Anand,V (2782)-Demchenko,A (2660) Riadh 2017}) 13. g4 b4 14. Ne2 Qc5 $146 {Weiß steht etwas besser.} ({Vorgänger:} 14... Rc8 15. h4 Qa4 16. Ng3 e5 17. f5 Rg8 18. g5 fxg5 19. b3 Qa5 20. hxg5 {0-1 (33) Tokarev,V (2100)-Da Silva Filho,A (2127) IECG email 2000}) 15. Ned4 (15. h4 {seems wilder.} h6 16. Ng3 a5 17. Nh5 O-O-O 18. Qe2) 15... Nxd4 16. Nxd4 a5 17. b3 a4 18. Bc4 O-O 19. f5 {[%cal Rf5e6]} d5 20. fxe6 dxc4 ({Bitte nicht} 20... fxe6 $6 21. exd5 exd5 22. Bd3 $14 (22. Nf5 dxc4 23. Qxd7 cxb3 $11)) 21. exd7 {[#] Schwarz muss nun Sf5 beachten.} Rfd8 22. Nf5 {Droht stark bxc4.} axb3 23. cxb3 (23. axb3 Qa5 $19) 23... cxb3 24. axb3 {zielt auf Dd4 ab.} Bf8 25. Qd4 $2 {[#]} (25. Qb2 $15) 25... Qc6 $1 $19 {[%mdl 1024] Schwarz hat starke Kompensation.} 26. Rd2 {[%mdl 32768] Precision: Weiß = 32%, Schwarz = 85%. . An unexpected result.} (26. h3 $142 Rxd7 27. Qc4 (27. Qxd7 $2 {zu gefräßig.} Qc3 $17) 27... Qxc4 28. bxc4) 1/2-1/2

[Event "Silver Lake Open-A 2018"]
[Site "Veliko Gradiste"]
[Date "2018.06.24"]
[Round "9"]
[White "Ivic, Velimir"]
[Black "Sanal, Vahap"]
[Result "1/2-1/2"]
[WhiteElo "2425"]
[BlackElo "2510"]
[Annotator "TA"]
[PlyCount "54"]
[EventDate "2018.06.17"]
[EventType "swiss"]
[EventCountry "SRB"]
[SourceTitle "playchess.com"]
[Source "ChessBase"]
[SourceQuality "1"]

{[%evp 14,54,44,-2,8,8,18,0,2,0,5,4,8,3,11,8,21,-7,-4,-8,-8,-8,-8,-4,-7,-12,-10,-8,-8,-18,-14,-17,-10,-12,-11,-10,0,0,0,0,0,0,6]} 1. e4 e5 2. Nf3 Nf6 {[%cal Bg8f6,Bf6e4,Be4d2][%mdl 32]} 3. Nxe5 d6 4. Nf3 Nxe4 5. d4 d5 6. Bd3 Bd6 7. O-O O-O 8. Nbd2 {LiveBook: 5 Games} Nxd2 {The position is equal. C42: Petroff Defence: 3 Nxe5 and unusual White 3rd moves} (8... Bf5 {keeps more tension.} 9. Re1 Re8 10. g3 Qf6 11. Nh4 Bg4) (8... Re8 9. Re1 Nxd2 10. Rxe8+ Qxe8 11. Bxd2 Nd7 12. Qe1 {½-½ (12) Ivic,V (2344)-Petijevic,V (2261) Djenovici 2017}) 9. Bxd2 Bg4 10. h3 Bh5 $1 11. Re1 c6 12. c3 Nd7 13. Bf5 Nb6 14. b3 $146 ({Predecessor:} 14. Bg4 Bxg4 15. hxg4 Nc4 16. b3 Nxd2 17. Qxd2 {0-1 (55) Gurbanov,S-Mukhtarov,F Baku 2000}) 14... Bc7 15. Bg5 Qxg5 16. Nxg5 Bxd1 17. Raxd1 ({Of course not} 17. Bxh7+ Kh8 $17) 17... g6 18. Bd3 Rfe8 19. Nf3 Nd7 20. Rxe8+ (20. c4 {looks sharper.} Rad8 21. Rxe8+ Rxe8 22. g3 a6 23. Kf1) 20... Rxe8 21. Re1 Rxe1+ 22. Nxe1 $11 {[%mdl 4096] Endgame KBN-KBN} Ba5 23. b4 Bd8 24. Kf1 b5 25. Bc2 a5 26. a4 axb4 27. cxb4 Bf6 {Precision: White = 71%, Black = 50%.} 1/2-1/2

[Event "Silver Lake Open-A 2018"]
[Site "Veliko Gradiste"]
[Date "2018.06.24"]
[Round "9"]
[White "Djordjevic, Vuk D"]
[Black "Petrov, Nikita"]
[Result "1/2-1/2"]
[WhiteElo "2399"]
[BlackElo "2589"]
[Annotator "TA"]
[PlyCount "91"]
[EventDate "2018.06.17"]
[EventType "swiss"]
[EventCountry "SRB"]
[SourceTitle "playchess.com"]
[Source "ChessBase"]
[SourceQuality "1"]

{[%evp 14,91,0,0,0,0,0,0,0,0,0,0,0,0,0,-48,0,0,0,0,0,0,0,-6,23,34,50,48,48,50,55,54,51,30,31,30,37,31,37,20,20,12,14,22,14,0,16,10,10,8,39,0,0,0,0,0,0,0,2,0,0,0,0,0,0,0,0,0,0,0,0,0,0,0,0,0,0,0,0,-5314]} 1. d4 Nf6 2. Bg5 d5 3. e3 c5 4. Bxf6 gxf6 5. dxc5 Nc6 6. Nf3 {D00: 1 d4 d5: Unusual lines} e5 7. c4 (7. Nc3 Be6 8. Na4 Qa5+ 9. c3 b5 10. cxb6 axb6 11. b4 Nxb4 12. Nd2 Nc6 13. Qb3 Qxa4 14. Qxa4 Rxa4 {0-1 (32) Moiseenko,A (2667)-Karjakin,S (2760) Riadh 2017}) 7... d4 8. exd4 {LiveBook: 3 Games} e4 9. Nfd2 Qxd4 10. Nc3 Qe5 $146 ({Predecessor:} 10... f5 11. Nb3 Qe5 12. Qd5 Be6 13. Qxe5 Nxe5 {½-½ (20) Sandipan,C (2603)-Potkin,V (2610) Germany 2014}) 11. Be2 f5 12. Nb3 Be6 13. O-O $1 Rg8 14. Qc2 Bxc5 15. Nxc5 Qxc5 16. Rad1 Nd4 17. Qd2 O-O-O 18. Nd5 $132 {[%mdl 2048] White has counterplay} Nxe2+ 19. Qxe2 Bxd5 20. cxd5 {[#] aiming for Rc1.} Qd6 21. f3 Qb6+ 22. Kh1 e3 23. g3 Rge8 24. Rd3 Re5 25. Rfd1 Rd6 26. Rb3 Qa6 27. Qc2+ Kd8 28. Rc1 Ke8 29. Re1 Rdxd5 30. Rbxe3 Kf8 {[#] Hoping for ...Rxe3.} 31. Qc3 f6 32. Rxe5 Rxe5 {The position is equal.} 33. Kg2 (33. Rg1 {is interesting.} Qxa2 34. Qb4+ Kg7 35. Qxb7+ Kh6 36. Qc6) 33... Rxe1 34. Qxe1 $11 {[%mdl 4096] Endgame KQ-KQ} Kf7 35. Qd2 Kg6 36. a3 Qc4 37. b4 Qb3 38. Qd7 Qb2+ 39. Kh3 Qe2 40. Qd5 (40. Qxb7 {gets mated.} Qf1+ 41. Kh4 Qg2 42. h3 Qd2 43. f4 Qd1 44. Qf7+ Kxf7 45. g4 Qf3 46. a4 Qxf4 47. a5 Kg6 48. b5 Qf2#) 40... b5 41. Qg8+ Kh6 {Strongly threatening ...Qf1+.} 42. Qf8+ Kg6 43. Qg8+ Kh6 {And now ...Qf1+ would win.} 44. Qf8+ Kg6 45. Qg8+ Kh6 {Threatens to win with ...Qf1+.} 46. Qf7 $2 {[%mdl 40960] Precision: White = 49%, Black = 83%. . An unexpected result.} (46. Qf8+ $11 Kg6) 1/2-1/2

[Event "Silver Lake Open-A 2018"]
[Site "Veliko Gradiste"]
[Date "2018.06.24"]
[Round "9"]
[White "Kanakaris, Georgios"]
[Black "Low, Zhen Yu Cyrus"]
[Result "1-0"]
[WhiteElo "2399"]
[BlackElo "2387"]
[Annotator "ChessBase"]
[PlyCount "75"]
[EventDate "2018.06.17"]
[EventType "swiss"]
[EventCountry "SRB"]
[SourceTitle "playchess.com"]
[Source "ChessBase"]
[SourceQuality "1"]
[TimeControl "40/5400+30:900+30"]

1. c4 {[%emt 0:00:00]} c5 {[%emt 0:00:20]} 2. Nc3 {[%emt 0:00:00]} Nc6 {[%emt 0:00:08]} 3. g3 {[%emt 0:00:00]} g6 {[%emt 0:00:05]} 4. Bg2 {[%emt 0:00:27]} Bg7 {[%emt 0:00:30]} 5. e4 {[%emt 0:00:30]} e6 {[%emt 0:01:41]} 6. Nge2 {[%emt 0:04:30]} Nge7 {[%emt 0:00:07]} 7. O-O {[%emt 0:00:28]} O-O {[%emt 0:02:11]} 8. Rb1 {[%emt 0:05:22]} d6 {[%emt 0:10:17]} 9. a3 {[%emt 0:01:01]} b6 {[%emt 0:00:06]} 10. b4 {[%emt 0:01:48]} Bb7 {[%emt 0:00:05]} 11. d3 {[%emt 0:01:02]} Nd4 {[%emt 0:04:05]} 12. Nxd4 {[%emt 0:12:01]} cxd4 {[%emt 0:05:16]} 13. Ne2 {[%emt 0:00:35]} Qd7 {[%emt 0:00:42]} 14. Bb2 {[%emt 0:00:54]} e5 {[%emt 0:00:09]} 15. Qb3 {[%emt 0:04:05]} b5 {[%emt 0:09:00]} 16. cxb5 {[%emt 0:01:27]} Qxb5 {[%emt 0:00:06]} 17. a4 {[%emt 0:00:29]} Qd7 {[%emt 0:01:17]} 18. Ba3 {[%emt 0:02:11]} d5 {[%emt 0:01:11]} 19. f3 {[%emt 0:01:39]} Kh8 {[%emt 0:17:30]} 20. b5 {[%emt 0:00:23]} f5 {[%emt 0:01:13]} 21. a5 {[%emt 0:04:52]} Rfe8 {[%emt 0:11:18]} 22. a6 {[%emt 0:15:09]} Bc8 {[%emt 0:00:51]} 23. Bc5 {[%emt 0:03:55]} Rb8 {[%emt 0:04:56]} 24. Qa4 {[%emt 0:01:23]} Ng8 {[%emt 0:00:29]} 25. exf5 {[%emt 0:04:20]} gxf5 {[%emt 0:03:26]} 26. f4 {[%emt 0:00:22]} e4 {[%emt 0:01:01]} 27. Nxd4 {[%emt 0:00:30]} Bf8 {[%emt 0:02:13]} 28. Bxf8 {[%emt 0:03:00]} Rxf8 {[%emt 0:01:53]} 29. Nc6 {[%emt 0:01:25]} Rb6 {[%emt 0:00:51]} 30. Qd4+ {[%emt 0:00:08]} Nf6 {[%emt 0:00:42]} 31. Bh3 {[%emt 0:07:21]} Bxa6 {[%emt 0:02:26]} 32. Ne5 {[%emt 0:00:04]} Qe6 {[%emt 0:01:08]} 33. bxa6 {[%emt 0:00:07]} Rxa6 {[%emt 0:00:20]} 34. Rb7 {[%emt 0:01:33]} Ra2 {[%emt 0:02:56]} 35. Nd7 {[%emt 0:04:32]} Rf7 {[%emt 0:00:42]} 36. Nc5 {[%emt 0:00:11]} Qe8 {[%emt 0:00:46]} 37. Rxf7 {[%emt 0:02:49]} Qxf7 {[%emt 0:00:05]} 38. Rb1 {[%emt 0:01:30]} 1-0